[Event "EU-Cup 36th"]
[Site "Struga"]
[Date "2021.09.19"]
[Round "2.9"]
[White "Ibrahimli, Murad Sultanali"]
[Black "Pleshkov, Mikhail"]
[Result "1-0"]
[WhiteElo "2436"]
[BlackElo "1984"]
[PlyCount "76"]
[EventDate "2021.09.18"]
[EventType "team-swiss"]
[EventRounds "7"]
[EventCountry "MKD"]
[SourceTitle "CBM 204 Extra"]
[Source "ChessBase"]
[SourceDate "2021.11.30"]
[SourceVersion "1"]
[SourceVersionDate "2021.11.30"]
[SourceQuality "1"]
[WhiteTeam "Vugar Gashimov"]
[BlackTeam "Perfect"]
[WhiteTeamCountry "AZE"]
[BlackTeamCountry "MDA"]

1. d4 Nf6 2. c4 e6 3. Nc3 c5 4. d5 exd5 5. cxd5 d6 6. Nf3 g6 7. Bg5 Bg7 8. e3 0-0 9. Nd2 a6 10. a4 Qc7 11. Nc4 Re8 12. Qf3 Nfd7 13. Ne4 Rxe4 14. Qxe4 Ne5 15. Qc2 Nbd7 16. Nd2 Nf6 17. Bxf6 Bxf6 18. Be2 Bf5 19. e4 Bd7 20. f4 Ng4 21. Bxg4 Bxg4 22. 0-0 Re8 23. Rae1 b5 24. axb5 axb5 25. h3 Bd7 26. e5 dxe5 27. Ne4 Bg7 28. Qxc5 Qb8 29. fxe5 Rxe5 30. Qf2 Bf5 31. d6 Qf8 32. Qb6 Rd5 33. Qc6 Bd4+ 34. Kh1 Bxe4 35. Rxe4 Rxd6 36. Qxb5 Rd8 37. Rfe1 Kg7 38. Rxd4 Kg8 1-0

[Event "EU-Cup 27th"]
[Site "Rogaska Slatina"]
[Date "2011.09.30"]
[Round "6"]
[White "Pleshkov, Mikhail"]
[Black "Arat, Ufuk Sezen"]
[Result "0-1"]
[WhiteElo "2017"]
[BlackElo "2068"]
[PlyCount "76"]
[EventDate "2011.09.25"]
[EventType "team-swiss"]
[EventRounds "7"]
[EventCountry "SLO"]
[SourceTitle "CBM 145"]
[Source "ChessBase"]
[SourceDate "2011.11.11"]
[SourceVersion "1"]
[SourceVersionDate "2011.11.11"]
[SourceQuality "1"]
[WhiteTeam "Perfect"]
[BlackTeam "Yapo Kredi"]
[WhiteTeamCountry "RUS"]
[BlackTeamCountry "TUR"]

1. d4 Nf6 2. Nf3 g6 3. c4 Bg7 4. g3 0-0 5. Bg2 d6 6. Nc3 Nbd7 7. 0-0 e5 8. e4 Re8 9. Re1 exd4 10. Nxd4 a6 11. h3 Rb8 12. Be3 c5 13. Nde2 Ne5 14. b3 b5 15. f4 Ned7 16. Qc2 b4 17. Nd5 Nxd5 18. cxd5 Bxa1 19. Rxa1 Nf6 20. e5 Bb7 21. Rd1 Qe7 22. Nc1 Rbd8 23. Qf2 dxe5 24. d6 Qd7 25. Bxb7 Qxb7 26. fxe5 Ne4 27. Qf4 Nc3 28. Qf6 Qe4 29. Rd3 Qxe5 30. Bg5 Rd7 31. Re3 Ne4 32. Qxe5 Rxe5 33. Be7 Re6 34. Rxe4 Rxe4 35. Nd3 Rexe7 36. dxe7 Rxe7 37. Nxc5 a5 38. Kf2 Rc7 0-1

[Event "EU-Cup 27th"]
[Site "Rogaska Slatina"]
[Date "2011.09.29"]
[Round "5"]
[White "Lipskij, Valerij"]
[Black "Pleshkov, Mikhail"]
[Result "1-0"]
[WhiteElo "2118"]
[BlackElo "2017"]
[PlyCount "61"]
[EventDate "2011.09.25"]
[EventType "team-swiss"]
[EventRounds "7"]
[EventCountry "SLO"]
[SourceTitle "CBM 145"]
[Source "ChessBase"]
[SourceDate "2011.11.11"]
[SourceVersion "1"]
[SourceVersionDate "2011.11.11"]
[SourceQuality "1"]
[WhiteTeam "Vilnius"]
[BlackTeam "Perfect"]
[WhiteTeamCountry "LTU"]
[BlackTeamCountry "RUS"]

1. c4 c5 2. Nf3 Nf6 3. g3 b6 4. Bg2 Bb7 5. 0-0 e6 6. Nc3 a6 7. Re1 Be7 8. e4 d6 9. d4 cxd4 10. Nxd4 Qc7 11. Qe2 Nbd7 12. Bd2 0-0 13. Rad1 Rac8 14. b3 Rfe8 15. f4 Nf8 16. f5 b5 17. fxe6 fxe6 18. Bh3 Bd8 19. Bf1 Qb6 20. Be3 Qa5 21. Bd2 b4 22. Na4 Bxe4 23. a3 Qc7 24. Bxb4 a5 25. Nb5 Qc6 26. Rxd6 Qb7 27. Bc3 Bf3 28. Qb2 Ne4 29. Bd3 Nxc3 30. Qxc3 Bf6 31. Qxa5 1-0

[Event "St Petersburg-ch U16"]
[Site "St Petersburg"]
[Date "2007.11.06"]
[Round "2.2"]
[White "Pleshkov, Mikhail"]
[Black "Yankovsky, Roman"]
[Result "0-1"]
[WhiteElo "2004"]
[BlackElo "2202"]
[PlyCount "64"]
[EventDate "2007.11.05"]
[EventType "swiss"]
[EventRounds "9"]
[EventCountry "RUS"]
[SourceTitle "EXT 2022"]
[Source "ChessBase"]
[SourceDate "2021.10.06"]
[SourceVersion "1"]
[SourceVersionDate "2021.10.06"]
[SourceQuality "1"]

1. d4 Nf6 2. c4 c5 3. Nf3 e6 4. g3 cxd4 5. Nxd4 Qa5+ 6. Nc3 Ne4 7. Bd2 Nxd2 8. Qxd2 a6 9. Bg2 Nc6 10. Nxc6 bxc6 11. 0-0 Be7 12. a3 Rb8 13. b4 Qc7 14. c5 a5 15. Ne4 axb4 16. axb4 f5 17. Nd6+ Bxd6 18. cxd6 Qb6 19. Ra4 0-0 20. e4 fxe4 21. Bxe4 c5 22. Qc2 cxb4 23. Bxh7+ Kh8 24. Qe4 Rf6 25. Bg6 Kg8 26. Bh7+ Kf7 27. Ra8 Qxd6 28. Rxb8 Qxb8 29. Rb1 Qb6 30. Qe3 Qxe3 31. fxe3 g6 32. Rxb4 Kg7 0-1

[Event "St Petersburg Zak Memorial"]
[Site "St Petersburg"]
[Date "2007.03.30"]
[Round "7"]
[White "Pleshkov, Mikhail"]
[Black "Gavrikov, Viktor1111"]
[Result "1-0"]
[WhiteElo "2078"]
[BlackElo "1735"]
[PlyCount "87"]
[EventDate "2007.03.24"]
[EventType "team"]
[EventRounds "9"]
[EventCountry "RUS"]
[SourceTitle "CBM 117 Extra"]
[Source "ChessBase"]
[SourceDate "2007.05.09"]
[SourceVersion "1"]
[SourceVersionDate "2007.05.09"]
[SourceQuality "1"]

1. d4 Nf6 2. c4 c5 3. d5 d6 4. Nc3 Na6 5. e4 g6 6. Nf3 Bg7 7. g3 Nc7 8. Bg2 a6 9. a4 Bd7 10. a5 Qc8 11. 0-0 0-0 12. Re1 Ng4 13. Qc2 f5 14. h3 Ne5 15. Nxe5 Bxe5 16. f4 Bd4+ 17. Kh2 e5 18. dxe6 Bxe6 19. exf5 Bxf5 20. Qb3 Rb8 21. Be3 Bg7 22. Bd2 Kh8 23. Re7 Bf6 24. Rae1 Bxe7 25. Rxe7 Qd8 26. Rxc7 Qxc7 27. Nd5 Qd8 28. Bc3+ Kg8 29. Ne3 Be6 30. Qd1 Rc8 31. Bxb7 Rc7 32. Bd5 Bxd5 33. Qxd5+ Rcf7 34. Ng4 h5 35. Nf6+ Kh8 36. Nxh5+ Kg8 37. Nf6+ Kg7 38. Nd7+ Kh6 39. Nxf8 Rxf8 40. Qb7 Rg8 41. g4 g5 42. Qf7 Rg6 43. Bg7+ Kh7 44. Bf6+ 1-0

[Event "St Petersburg Zak Memorial"]
[Site "St Petersburg"]
[Date "2007.03.29"]
[Round "6"]
[White "Pleshkov, Mikhail"]
[Black "Klobukov, Sergey"]
[Result "0-1"]
[WhiteElo "2078"]
[BlackElo "1988"]
[PlyCount "82"]
[EventDate "2007.03.24"]
[EventType "team"]
[EventRounds "9"]
[EventCountry "RUS"]
[SourceTitle "CBM 117 Extra"]
[Source "ChessBase"]
[SourceDate "2007.05.09"]
[SourceVersion "1"]
[SourceVersionDate "2007.05.09"]
[SourceQuality "1"]

1. d4 Nf6 2. c4 e6 3. g3 Bb4+ 4. Bd2 Qe7 5. Bg2 0-0 6. Nf3 Bxd2+ 7. Nbxd2 d6 8. 0-0 Nc6 9. e4 e5 10. d5 Nb8 11. b4 a5 12. a3 axb4 13. axb4 Rxa1 14. Qxa1 Na6 15. Qc3 Bg4 16. Rc1 Nd7 17. Ne1 Qg5 18. h4 Qe7 19. f3 Bh5 20. g4 Qxh4 21. gxh5 Nf6 22. Nd3 Nxh5 23. Nf1 f5 24. Qe1 Qg5 25. Qe3 f4 26. Qf2 Nf6 27. b5 Nc5 28. Nxc5 dxc5 29. Rc3 b6 30. Ra3 h5 31. Kh1 h4 32. Bh3 Nh5 33. Ra7 Ng3+ 34. Nxg3 fxg3 35. Qf1 Qd2 36. Qg1 Rxf3 37. Ra8+ Kh7 38. Bf5+ g6 39. Bxg6+ Kxg6 40. Rg8+ Kf7 41. Rh8 Qe2 0-1